Основы экономики: учебное пособие

Xehetasun bibliografikoak
Beste egile batzuk: Кожевников Н. Н. Николай Николаевич (редактор)
Gaia:Рассмотрены общие проблемы экономического развития общества, вопросы собственности, макроэкономики и микроэкономики. Изложенасущность монополии; показаны пути развития, регулирования и преобразования системы управления в России на рубеже XX—XXI вв. Для студентов учреждений среднего профессионального образования.
Hizkuntza:errusiera
Argitaratua: Москва, Академия, 2007
Saila:Среднее профессиональное образование. Экономика и управление
Gaiak:
Formatua: Liburua
KOHA link:https://koha.lib.tpu.ru/cgi-bin/koha/opac-detail.pl?biblionumber=125576

MARC

LEADER 00000nam0a2200000 4500
001 125576
005 20231031131414.0
010 |a 9785769539848 
035 |a (RuTPU)RU\TPU\book\135881 
035 |a RU\TPU\book\112718 
090 |a 125576 
100 |a 20061102d2007 m y0rusy50 ca 
101 0 |a rus 
102 |a RU 
105 |a y j 001zy 
200 1 |a Основы экономики  |e учебное пособие  |f под ред. Н. Н. Кожевникова 
210 |a Москва  |c Академия  |d 2007 
215 |a 288 с. 
225 1 |a Среднее профессиональное образование. Экономика и управление 
320 |a Список литературы: с. 283-284. 
330 |a Рассмотрены общие проблемы экономического развития общества, вопросы собственности, макроэкономики и микроэкономики. Изложенасущность монополии; показаны пути развития, регулирования и преобразования системы управления в России на рубеже XX—XXI вв. Для студентов учреждений среднего профессионального образования. 
451 1 |0 (RuTPU)RU\TPU\book\112718  |y 5-7695-2021-3  |t Основы экономики  |o учебное пособие  |f под ред. Н. Н. Кожевникова  |c М.  |n Академия  |d 2006  |p 286 с.  |s Среднее профессиональное образование 
610 1 |a экономика 
610 1 |a экономическая теория 
610 1 |a собственность 
610 1 |a хозяйственная деятельность 
610 1 |a микроэкономика 
610 1 |a рынок 
610 1 |a конкуренция 
610 1 |a монополия 
610 1 |a бизнес 
610 1 |a доходы 
610 1 |a распределение 
610 1 |a перераспределение 
610 1 |a налоги 
610 1 |a налогообложение 
610 1 |a Российская Федерация 
610 1 |a макроэкономика 
610 1 |a экономический рост 
610 1 |a неустойчивость 
610 1 |a экономическое равновесие 
610 1 |a экономические кризисы 
610 1 |a экономические циклы 
610 1 |a экономические реформы 
610 1 |a национальные хозяйства 
610 1 |a финансы 
610 1 |a мировая политика 
610 1 |a мировое хозяйство 
610 1 |a 20 век 
610 1 |a 21 век 
610 1 |a учебные пособия 
686 |a У011я73  |v LBC/SL-A  |2 rubbk 
702 1 |a Кожевников  |b Н. Н.  |g Николай Николаевич  |4 340 
801 1 |a RU  |b 63413507  |c 20061102  |g PSBO 
801 2 |a RU  |b 63413507  |c 20130619  |g PSBO 
900 |a Экономика 
942 |c BK 
952 |a 521600  |b 080100